[Event "Sparkassen-Open A"]
[Site "Heusenstamm, Martinsee"]
[Date "2023.11.24"]
[Round "2.35"]
[White "Henrich, Thomas"]
[Black "Calvi, Stefan"]
[Result "1/2-1/2"]
[WhiteElo "2132"]
[BlackElo "1925"]
[PlyCount "54"]
[EventDate "2023.??.??"]
[WhiteTeam "SK Marburg 1931/72"]
[BlackTeam "SV Oberursel"]

1. d4 Nf6 2. c4 e6 3. Nf3 b6 4. a3 Bb7 5. Nc3 d5 6. cxd5 Nxd5 7. e3 c5 8. Bb5+ Bc6 9. Qa4 Bxb5 10. Nxb5 Nd7 11. e4 Nc7 12. Bg5 f6 13. Bf4 Nxb5 14. Qxb5 g5 15. Be3 Kf7 16. Rd1 a6 17. Qb3 Qc8 18. Bxg5 c4 19. Qe3 fxg5 20. Nxg5+ Ke7 21. Qf4 Qe8 22. d5 Nc5 23. Qe5 Qg6 24. Nxe6 Qxe4+ 25. Qxe4 Nxe4 26. O-O Kd6 27. Rfe1 Nc5 1/2-1/2

[Event "Sparkassen-Open A"]
[Site "Heusenstamm, Martinsee"]
[Date "2023.11.24"]
[Round "2.36"]
[White "Dorfner, Jeremias"]
[Black "Wiley, Tom E"]
[Result "1/2-1/2"]
[WhiteElo "1712"]
[BlackElo "2152"]
[PlyCount "67"]
[EventDate "2023.??.??"]
[WhiteTeam "TV-Groß?ostheim 1900 e.V."]
[BlackTeam "Kraainem Belgium"]

1. e4 Nf6 2. e5 Nd5 3. c4 Nb6 4. d4 d6 5. exd6 cxd6 6. Nc3 g6 7. Be3 Bg7 8. Nf3 O-O 9. Be2 Nc6 10. h3 Bf5 11. Rc1 d5 12. c5 Nc4 13. Bxc4 dxc4 14. b3 Bd3 15. bxc4 Bxc4 16. Qa4 Bd5 17. Nxd5 Qxd5 18. O-O Rfd8 19. Rfd1 Rd7 20. Rd2 Rad8 21. Rcd1 Qe6 22. Qb5 a6 23. Qb6 h6 24. d5 Rxd5 25. Qxb7 Rxd2 26. Rxd2 Rxd2 27. Bxd2 Qd5 28. Qxa6 Qxc5 29. Be3 Qd5 30. a4 Qd1+ 31. Kh2 Qd6+ 32. Kg1 Qd1+ 33. Kh2 Qd6+ 34. Kg1 1/2-1/2

[Event "Sparkassen-Open A"]
[Site "Heusenstamm, Martinsee"]
[Date "2023.11.24"]
[Round "2.37"]
[White "Hilzinger, Markus"]
[Black "Blaschke, Henri Johannes"]
[Result "1/2-1/2"]
[WhiteElo "2132"]
[BlackElo "1866"]
[PlyCount "76"]
[EventDate "2023.??.??"]
[WhiteTeam "SC Pforzheim 1906"]
[BlackTeam "SK Vellmar 1950"]

1. c4 e6 2. d4 d5 3. Nf3 Nf6 4. g3 Bb4+ 5. Nc3 O-O 6. Bg2 c6 7. O-O Nbd7 8. Qb3 a5 9. Bf4 Re8 10. Rfd1 Bf8 11. h3 a4 12. Qc2 Qa5 13. c5 b5 14. cxb6 Nxb6 15. Bc7 a3 16. b3 Qa7 17. Bf4 Ba6 18. e4 Rec8 19. Bg5 Nfd7 20. Rac1 h6 21. Be3 Nf6 22. Ne5 Bd6 23. Qd2 Qb8 24. Nd3 Ne8 25. Nc5 Bxc5 26. dxc5 Nd7 27. Na4 Nef6 28. exd5 exd5 29. Bd4 Re8 30. Re1 Qb7 31. Qf4 Bd3 32. Nb6 Rad8 33. Qd6 Ne5 34. Qxd8 Rxd8 35. Rxe5 Be4 36. f3 Bg6 37. Rce1 Qa6 38. R5e3 Qb7 1/2-1/2

[Event "Sparkassen-Open A"]
[Site "Heusenstamm, Martinsee"]
[Date "2023.11.24"]
[Round "2.38"]
[White "Mandalka, Justus"]
[Black "Poysti, Nathanael"]
[Result "0-1"]
[WhiteElo "1751"]
[BlackElo "2142"]
[PlyCount "80"]
[EventDate "2023.??.??"]
[WhiteTeam "SK Bad Homburg 1927"]

1. e4 c6 2. d4 d5 3. exd5 cxd5 4. Bd3 Nc6 5. c3 Nf6 6. Nf3 Bg4 7. O-O e6 8. Bg5 Bd6 9. Re1 Qc7 10. h3 Bh5 11. Nbd2 O-O 12. Qb1 Bg6 13. Bxf6 gxf6 14. Bxg6 hxg6 15. Qd3 Ne7 16. c4 dxc4 17. Nxc4 Rfd8 18. Nxd6 Rxd6 19. Rac1 Qb6 20. Qa3 Rad8 21. Rc4 Nc6 22. Re4 Kg7 23. Qc3 Rd5 24. Rh4 Qa5 25. Qxa5 Rxa5 26. a3 Rb5 27. b4 a5 28. Rc5 Rd5 29. Re4 axb4 30. axb4 Rxb4 31. Rxd5 exd5 32. Re1 b5 33. Rd1 Kf8 34. Kf1 Ke7 35. Ke2 Rb2+ 36. Rd2 Rb1 37. Kd3 Ra1 38. Rb2 b4 39. Rc2 Kd6 40. Nd2 Ra3+ 0-1

[Event "Sparkassen-Open A"]
[Site "Heusenstamm, Martinsee"]
[Date "2023.11.24"]
[Round "2.39"]
[White "Klaska, Philipp Leon"]
[Black "Rutsatz, Mario"]
[Result "1-0"]
[WhiteElo "2111"]
[BlackElo "1922"]
[PlyCount "43"]
[EventDate "2023.??.??"]
[WhiteTeam "Düsseldorfer SK 14/25 e."]
[BlackTeam "SC 1961 König Nied"]

1. e4 e6 2. d4 d5 3. Nd2 Nc6 4. Ngf3 Nf6 5. e5 Nd7 6. Bd3 f6 7. exf6 Qxf6 8. Nf1 Bd6 9. Ne3 h6 10. O-O O-O 11. c3 Qf7 12. Be2 Ne7 13. Qd3 g5 14. Ng4 Qg7 15. Re1 Nf6 16. Nxf6+ Rxf6 17. Ne5 c5 18. Ng4 Rf7 19. Qh3 e5 20. Nxh6+ Kf8 21. Qh5 Rf6 22. Bxg5 1-0

[Event "Sparkassen-Open A"]
[Site "Heusenstamm, Martinsee"]
[Date "2023.11.24"]
[Round "2.40"]
[White "Schmidt, Markus"]
[Black "Wachsmann, Elmar"]
[Result "1-0"]
[WhiteElo "2116"]
[BlackElo "1908"]
[PlyCount "77"]
[EventDate "2023.??.??"]
[WhiteTeam "SK Niederbrechen 1948"]
[BlackTeam "SC Groß?-Umstadt"]

1. d4 d5 2. c4 e6 3. g3 Nf6 4. Nf3 Be7 5. Bg2 O-O 6. O-O Nbd7 7. Qc2 c5 8. Rd1 Qa5 9. Nbd2 b5 10. Ne5 Bb7 11. Nxd7 Nxd7 12. cxd5 exd5 13. Nb3 Qb6 14. dxc5 Bxc5 15. Nxc5 Qxc5 16. Qf5 Nb6 17. Be3 Qe7 18. b3 Qe6 19. Qh5 Qg6 20. Qxg6 hxg6 21. Bxb6 axb6 22. Bxd5 Bxd5 23. Rxd5 Rfd8 24. Rxb5 Rd6 25. a4 Rc8 26. Ra2 Rcc6 27. f4 Rc3 28. Kf2 Kh7 29. e4 f6 30. e5 fxe5 31. fxe5 Re6 32. Rd2 Rcc6 33. Ke3 g5 34. Ke4 Kg6 35. Rbd5 Rc1 36. R2d3 Re1+ 37. Re3 Rh1 38. Rd6 Kf7 39. Kf5 1-0

[Event "Sparkassen-Open A"]
[Site "Heusenstamm, Martinsee"]
[Date "2023.11.24"]
[Round "2.41"]
[White "Perske, Paul"]
[Black "Kulenovic, Adnan"]
[Result "1-0"]
[WhiteElo "2068"]
[BlackElo "1907"]
[PlyCount "105"]
[EventDate "2023.??.??"]
[WhiteTeam "Sfr.Heidesheim"]
[BlackTeam "SC Springer Rodenbach"]

1. e4 e6 2. d4 d5 3. Nd2 h6 4. Bd3 c5 5. Ngf3 Nc6 6. exd5 exd5 7. O-O c4 8. Re1+ Be7 9. Be2 Nf6 10. b3 b5 11. a4 c3 12. Bxb5 Bd7 13. Bxc6 Bxc6 14. Ba3 Ne4 15. Nxe4 dxe4 16. Ne5 Bxa3 17. Nxc6 Qd5 18. Rxa3 Qxc6 19. f3 O-O 20. Rxe4 Rae8 21. Qd3 Rxe4 22. fxe4 Re8 23. e5 Rc8 24. Ra1 f6 25. exf6 Qxf6 26. Rf1 Qg5 27. d5 Qe5 28. d6 Rd8 29. d7 Qc5+ 30. Kh1 Qc6 31. Rd1 Kf7 32. Qd4 a6 33. Kg1 Kg6 34. Qd6+ Qxd6 35. Rxd6+ Kf5 36. Kf2 Ke5 37. Rd3 a5 38. Ke3 Ke6 39. Rd4 Rxd7 40. Rxd7 Kxd7 41. Kd4 Kd6 42. Kxc3 Kc5 43. Kd3 Kb4 44. c4 Kc5 45. Kc3 g6 46. Kd3 Kb4 47. Kd4 Kxb3 48. c5 Kxa4 49. Kc4 Ka3 50. c6 a4 51. Kc3 Ka2 52. c7 a3 53. Kc2 1-0

[Event "Sparkassen-Open A"]
[Site "Heusenstamm, Martinsee"]
[Date "2023.11.24"]
[Round "2.42"]
[White "Valean, David-Andrei"]
[Black "Reschke, Thomas"]
[Result "1/2-1/2"]
[WhiteElo "1572"]
[BlackElo "2108"]
[PlyCount "33"]
[EventDate "2023.??.??"]
[WhiteTeam "SK 1933 Bad Neustadt"]
[BlackTeam "SC Frankfurt-West"]

1. e4 g6 2. d4 Bg7 3. Nc3 c6 4. Nf3 d5 5. h3 dxe4 6. Nxe4 Nf6 7. Ng3 O-O 8. Bc4 b6 9. O-O Bb7 10. Be3 Nbd7 11. c3 Nd5 12. Qd2 Nxe3 13. fxe3 c5 14. Qf2 e6 15. Rad1 Rc8 16. Bb3 Qe7 17. Rfe1 1/2-1/2

[Event "Sparkassen-Open A"]
[Site "Heusenstamm, Martinsee"]
[Date "2023.11.24"]
[Round "2.43"]
[White "Rempe, Jonas"]
[Black "Sreeramulu, Aarush"]
[Result "1-0"]
[WhiteElo "2106"]
[BlackElo "1716"]
[PlyCount "47"]
[EventDate "2023.??.??"]
[WhiteTeam "SK Doppelbauer Kiel von 1910 e.V"]
[BlackTeam "SK Marburg 1931/72"]

1. e4 c6 2. d4 d5 3. e5 Bf5 4. g4 Be4 5. f3 Bg6 6. e6 Qd6 7. exf7+ Bxf7 8. Nc3 Nd7 9. f4 O-O-O 10. Bd3 g5 11. Nh3 gxf4 12. Bxf4 e5 13. dxe5 Nxe5 14. Bf5+ Be6 15. Qe2 Bg7 16. O-O-O Bxf5 17. gxf5 Qf6 18. Qh5 Nc4 19. Rde1 Qd4 20. Qf7 Qb6 21. Qxg7 Qxb2+ 22. Kd1 Qa1+ 23. Ke2 Re8+ 24. Kf2 1-0

[Event "Sparkassen-Open A"]
[Site "Heusenstamm, Martinsee"]
[Date "2023.11.24"]
[Round "2.44"]
[White "Villwock, Martin"]
[Black "Burkhardt, Jan"]
[Result "0-1"]
[WhiteElo "2073"]
[BlackElo "1688"]
[PlyCount "126"]
[EventDate "2023.??.??"]
[WhiteTeam "SF Essen-Katernberg 0"]
[BlackTeam "Sfr.Mainz 1928"]

1. e4 e5 2. Nf3 Nc6 3. Bb5 a6 4. Ba4 Nf6 5. O-O b5 6. Bb3 Be7 7. Qe2 d6 8. c3 Bg4 9. h3 Bh5 10. Rd1 Na5 11. Bc2 c5 12. d3 Nc6 13. Nbd2 O-O 14. Nf1 h6 15. g4 Bg6 16. Ng3 Nh7 17. h4 Bxh4 18. Nxh4 Qxh4 19. Kg2 Qf6 20. Rh1 Rfd8 21. Nh5 Bxh5 22. Rxh5 Ne7 23. Be3 Ng6 24. Rah1 Ng5 25. Bxg5 hxg5 26. Qe3 Qf4 27. Rxg5 Qxe3 28. fxe3 f6 29. Rgh5 c4 30. Kg3 a5 31. d4 b4 32. Ba4 Rab8 33. R1h2 Rb6 34. g5 Rdb8 35. gxf6 bxc3 36. bxc3 gxf6 37. Rh6 Kg7 38. Rh7+ Kg8 39. Ra7 R8b7 40. Rxa5 Nf8 41. Ra8 Kg7 42. Kf3 Rb2 43. Rxb2 Rxb2 44. Ra7+ Kh6 45. Bc6 Rc2 46. Ra3 Ne6 47. Bd5 Ng5+ 48. Kg3 Re2 49. dxe5 dxe5 50. Bxc4 Rxe3+ 51. Kf2 Rxe4 52. Bd5 Rf4+ 53. Ke3 Kg6 54. Ra8 Kf5 55. a4 Ne6 56. Ra7 Rh4 57. a5 Nc5 58. Rc7 Rh3+ 59. Kd2 Rd3+ 60. Kc2 Rxd5 61. c4 Na6 62. cxd5 Nxc7 63. d6 Ke6 0-1

[Event "Sparkassen-Open A"]
[Site "Heusenstamm, Martinsee"]
[Date "2023.11.24"]
[Round "2.45"]
[White "Boscher, Hans"]
[Black "Baranyai-Molnar, Adam-Kristof"]
[Result "0-1"]
[WhiteElo "1625"]
[BlackElo "1948"]
[PlyCount "57"]
[EventDate "2023.??.??"]
[WhiteTeam "SC Bad Soden"]
[BlackTeam "SF Neuberg"]

1. e4 c5 2. Nf3 e6 3. d4 cxd4 4. Nxd4 a6 5. c4 Nf6 6. e5 Qa5+ 7. Nc3 Qxe5+ 8. Be3 Nc6 9. Be2 Be7 10. O-O O-O 11. Qd2 Qc7 12. Rad1 d6 13. a3 Ne5 14. b3 b6 15. h3 Bb7 16. f4 Ned7 17. f5 e5 18. Nf3 Nc5 19. Bxc5 Qxc5+ 20. Kh1 Qxa3 21. Qc2 Qc5 22. Rd2 Nh5 23. Kh2 Qe3 24. Nd5 Bxd5 25. Rxd5 Qf4+ 26. Kg1 Qg3 27. Nxe5 Qe3+ 28. Kh2 Ng3 29. Rf3 0-1

[Event "Sparkassen-Open A"]
[Site "Heusenstamm, Martinsee"]
[Date "2023.11.24"]
[Round "2.46"]
[White "Burkart, Lloyd Shang"]
[Black "Zerhusen, Martin"]
[Result "1-0"]
[WhiteElo "2094"]
[BlackElo "1673"]
[PlyCount "63"]
[EventDate "2023.??.??"]
[WhiteTeam "SAbt TuS Makkabi Ffm"]
[BlackTeam "SV Oberursel"]

1. d4 d5 2. c4 c6 3. Nf3 e6 4. Qc2 f5 5. Bf4 Nf6 6. e3 Be7 7. Nc3 O-O 8. Be2 Ne4 9. h3 Nd7 10. O-O g5 11. Bh2 h6 12. Nd2 Ndf6 13. f3 Nxd2 14. Qxd2 Bd6 15. Rab1 Bxh2+ 16. Kxh2 Qc7+ 17. Kg1 Bd7 18. b4 Qg3 19. Qe1 Qxe1 20. Rfxe1 a6 21. a4 Kf7 22. Bd3 Rfe8 23. e4 dxe4 24. fxe4 f4 25. e5 Ng8 26. Ne4 Reb8 27. Rf1 Kg7 28. h4 g4 29. Rxf4 h5 30. Nd6 Nh6 31. Rbf1 Be8 32. Rf6 1-0

[Event "Sparkassen-Open A"]
[Site "Heusenstamm, Martinsee"]
[Date "2023.11.24"]
[Round "2.47"]
[White "Akhmatovski, Maxim"]
[Black "Zargaran, Sepas"]
[Result "1-0"]
[WhiteElo "2070"]
[BlackElo "1558"]
[PlyCount "77"]
[EventDate "2023.??.??"]
[WhiteTeam "SV Oberursel"]
[BlackTeam "VSG 1880 Offenbach"]

1. d4 Nf6 2. c4 g6 3. g3 Bg7 4. Bg2 O-O 5. Nf3 d6 6. O-O Nbd7 7. Nc3 a6 8. Re1 c5 9. d5 Rb8 10. a4 Nb6 11. Qd3 Nbd7 12. h3 Qc7 13. e4 b6 14. g4 Bb7 15. Bf4 Ne5 16. Nxe5 dxe5 17. Bg3 Ne8 18. Rf1 Nd6 19. f4 exf4 20. Bxf4 Bd4+ 21. Kh1 f6 22. Rae1 Rbe8 23. b3 g5 24. Bg3 e5 25. dxe6 Rxe6 26. Nd5 Qd8 27. Bf2 Bxf2 28. Rxf2 b5 29. axb5 axb5 30. cxb5 Qa5 31. Ref1 Nxb5 32. Nxf6+ Kh8 33. Qd7 Rexf6 34. Rxf6 Rxf6 35. Rxf6 Qa1+ 36. Rf1 Qxf1+ 37. Bxf1 Bxe4+ 38. Kg1 Nd4 39. Qe8+ 1-0

[Event "Sparkassen-Open A"]
[Site "Heusenstamm, Martinsee"]
[Date "2023.11.24"]
[Round "2.48"]
[White "Alt, Johannes"]
[Black "Capelja, Christian"]
[Result "0-1"]
[WhiteElo "1557"]
[BlackElo "2007"]
[PlyCount "108"]
[EventDate "2023.??.??"]
[WhiteTeam "Sfr.Heidesheim"]
[BlackTeam "SpVgg Rommelshausen"]

1. d4 Nf6 2. Nf3 d5 3. Bf4 c5 4. e3 Qb6 5. Qc1 cxd4 6. exd4 Nc6 7. c3 Bf5 8. Be2 h6 9. h3 e6 10. O-O Be7 11. Nbd2 O-O 12. Re1 Rac8 13. Nf1 Ne4 14. Ne3 Bh7 15. Ne5 Nxd4 16. Qd1 Nxe2+ 17. Qxe2 Rcd8 18. Rad1 Bd6 19. Nd3 Bxf4 20. Nxf4 Qc7 21. Nd3 Rfe8 22. Nb4 a5 23. Nbc2 Nf6 24. Nd4 Qb6 25. Qb5 Qxb5 26. Nxb5 Ne4 27. f3 Nc5 28. Rd2 Bd3 29. Nd4 Bg6 30. Ng4 Kf8 31. Ne5 Bh7 32. b4 Nd7 33. Nxd7+ Rxd7 34. bxa5 Ra8 35. Nb3 Rc7 36. Rc1 Rac8 37. Rd4 Rxc3 38. Rxc3 Rxc3 39. Rb4 Rc7 40. Rb6 Bd3 41. Rb4 Ba6 42. a4 Rc4 43. Rxc4 dxc4 44. Nc1 Ke7 45. Kf2 Kd6 46. Ke3 Kc5 47. Na2 f5 48. f4 c3 49. Nxc3 Kb4 50. Kd4 Bf1 51. h4 Bxg2 52. Nb5 Kxa5 53. Nc3 Kb4 54. Kd3 Bc6 0-1

[Event "Sparkassen-Open A"]
[Site "Heusenstamm, Martinsee"]
[Date "2023.11.24"]
[Round "2.49"]
[White "Swoboda, Philipp"]
[Black "Mohr, Alwin"]
[Result "0-1"]
[WhiteElo "2030"]
[BlackElo "1614"]
[PlyCount "108"]
[EventDate "2023.??.??"]
[WhiteTeam "SV Frankfurt Nord 1926"]
[BlackTeam "SV Oberursel"]

1. d4 Nf6 2. c4 e6 3. Nc3 Bb4 4. e3 O-O 5. Nge2 b6 6. a3 Bxc3+ 7. Nxc3 d5 8. cxd5 exd5 9. Bd3 Bb7 10. b4 Nbd7 11. O-O Ne4 12. Ne2 f5 13. Nf4 Qe8 14. Qb3 Ndf6 15. f3 Nd6 16. Bd2 g5 17. Nh3 h6 18. Rac1 Rf7 19. a4 Rc8 20. b5 Kg7 21. Rfe1 c5 22. dxc5 Rxc5 23. Rxc5 bxc5 24. Qa3 Nd7 25. Nf2 Re7 26. Qa1+ Kg8 27. Qb1 Qf7 28. e4 fxe4 29. fxe4 dxe4 30. Nxe4 Qd5 31. Qc2 c4 32. Bf1 Rxe4 33. Rxe4 Qxe4 34. Qxe4 Bxe4 35. Bb4 Nc8 36. Bxc4+ Kg7 37. Be6 Ncb6 38. Bc3+ Kf8 39. a5 Nd5 40. Bd4 Nf4 41. Bxd7 Ne2+ 42. Kf2 Nxd4 43. Ke3 Bf5 44. Kxd4 Bxd7 45. Kc5 Kf7 46. b6 axb6+ 47. axb6 Bc8 48. Kc6 Kf6 49. b7 Bxb7+ 50. Kxb7 Kf5 51. Kc6 Ke4 52. Kd6 Ke3 53. Ke5 Kf2 54. g4 Kg2 0-1

[Event "Sparkassen-Open A"]
[Site "Heusenstamm, Martinsee"]
[Date "2023.11.24"]
[Round "2.50"]
[White "Köhlich, Viktor"]
[Black "Bardorz, Jana"]
[Result "0-1"]
[WhiteElo "1608"]
[BlackElo "2050"]
[PlyCount "62"]
[EventDate "2023.??.??"]
[WhiteTeam "SC Matt im Park Ffm"]
[BlackTeam "TSV 1869 e. V. Rottendorf"]

1. d4 d5 2. Nf3 Nf6 3. c3 e6 4. Bf4 Bd6 5. e3 c5 6. Nbd2 Bxf4 7. exf4 cxd4 8. cxd4 Nc6 9. Nb3 Ne4 10. Bd3 Qf6 11. g3 a5 12. Bxe4 dxe4 13. Ng5 O-O 14. Nxe4 Qg6 15. f3 Rd8 16. a4 b6 17. O-O Bb7 18. Rc1 Nb4 19. Qe2 Ba6 20. Qd1 Bxf1 21. Qxf1 Qh5 22. Ng5 h6 23. g4 Qh4 24. Ne4 Rac8 25. Rc3 Nd5 26. Rxc8 Rxc8 27. g5 Rc2 28. Nbd2 Qxf4 29. gxh6 Rxd2 30. h7+ Kh8 31. Nxd2 Qxd2 0-1

[Event "Sparkassen-Open A"]
[Site "Heusenstamm, Martinsee"]
[Date "2023.11.24"]
[Round "2.51"]
[White "Chassard, Cedric"]
[Black "Papadopoulos, Leon"]
[Result "1-0"]
[WhiteElo "2297"]
[BlackElo "1546"]
[PlyCount "57"]
[EventDate "2023.??.??"]
[WhiteTeam "SC Caissa Schwarzenbach"]
[BlackTeam "SV Oberursel"]

1. e4 e5 2. Nf3 Nc6 3. Bb5 a6 4. Ba4 Nf6 5. O-O b5 6. Bb3 Be7 7. d4 Nxe4 8. Qe2 d5 9. dxe5 Nc5 10. Rd1 Nxb3 11. axb3 Bg4 12. Bf4 Bc5 13. c3 O-O 14. h3 Bh5 15. b4 Bb6 16. Qd3 Ne7 17. Nbd2 Re8 18. Be3 Bg6 19. Qe2 c6 20. Nb3 Nf5 21. Bxb6 Qxb6 22. Nfd4 Re7 23. Kh2 Rae8 24. Nxf5 Rxe5 25. Ne3 Rxe3 26. fxe3 Rxe3 27. Qd2 Qc7+ 28. Kh1 Qg3 29. Qxe3 1-0

[Event "Sparkassen-Open A"]
[Site "Heusenstamm, Martinsee"]
[Date "2023.11.24"]
[Round "2.52"]
[White "Lesny, Florian"]
[Black "Reinecke, Katharina"]
[Result "1-0"]
[WhiteElo "2216"]
[BlackElo "1861"]
[PlyCount "81"]
[EventDate "2023.??.??"]
[WhiteTeam "SK Bad Homburg 1927"]
[BlackTeam "SK Langen"]

1. e4 c6 2. d4 g6 3. Nf3 Bg7 4. Bd3 d5 5. e5 Bg4 6. O-O Nh6 7. h3 Bxf3 8. Qxf3 O-O 9. c3 f6 10. e6 Na6 11. Re1 Nc7 12. Bf4 Ne8 13. Qe3 Nf5 14. Bxf5 gxf5 15. Qd3 Nd6 16. Nd2 Kh8 17. Nf1 Rg8 18. Ng3 Bf8 19. Bxd6 Qxd6 20. Nxf5 Qc7 21. Re3 b6 22. Rae1 Rg6 23. Rg3 Rxg3 24. Qxg3 Qxg3 25. Nxg3 Rc8 26. Rd1 Kg7 27. Nf5+ Kg6 28. g4 Rc7 29. Kg2 h5 30. f4 b5 31. Kf3 a5 32. Rg1 b4 33. Rc1 b3 34. axb3 Rb7 35. Ra1 Rxb3 36. Rxa5 Rxb2 37. Ra8 Bh6 38. Nxe7+ Kh7 39. Nf5 Rb3 40. e7 Rxc3+ 41. Ne3 1-0

[Event "Sparkassen-Open A"]
[Site "Heusenstamm, Martinsee"]
[Date "2023.11.24"]
[Round "2.53"]
[White "Sydykov, Bayastan"]
[Black "Held, Bernhard"]
[Result "1-0"]
[WhiteElo "2142"]
[BlackElo "1847"]
[PlyCount "47"]
[EventDate "2023.??.??"]
[WhiteTeam "SK 1858 Gieß?en"]
[BlackTeam "SK 1908 Göggingen"]

1. e4 c5 2. Nf3 Nc6 3. d4 cxd4 4. Nxd4 Nf6 5. Nc3 e5 6. Ndb5 d6 7. Nd5 Nxd5 8. exd5 Nb8 9. c4 a6 10. Nc3 Be7 11. Bd3 Nd7 12. O-O O-O 13. Qc2 Nf6 14. f4 exf4 15. Bxf4 h6 16. Rae1 Re8 17. h3 Nh5 18. Bh2 Bh4 19. Rxe8+ Qxe8 20. Ne4 f5 21. Nxd6 Qe3+ 22. Kh1 Bg3 23. Bxf5 Bxh2 24. Bh7+ 1-0

[Event "Sparkassen-Open A"]
[Site "Heusenstamm, Martinsee"]
[Date "2023.11.24"]
[Round "2.54"]
[White "Iolis, Oleg"]
[Black "Nickel, Jonas"]
[Result "1/2-1/2"]
[WhiteElo "2183"]
[BlackElo "1810"]
[PlyCount "110"]
[EventDate "2023.??.??"]
[WhiteTeam "Wavre"]
[BlackTeam "Schachdrachen Büdingen-Wächtersb"]

1. e4 c5 2. Nf3 g6 3. d4 cxd4 4. Nxd4 Bg7 5. c4 Nc6 6. Be3 Nf6 7. Nc3 Ng4 8. Qxg4 Nxd4 9. Qd1 Ne6 10. Qd2 Qa5 11. Rc1 d6 12. Be2 Bd7 13. O-O Nc5 14. f3 Na4 15. Nxa4 Qxd2 16. Bxd2 Bxa4 17. b3 Bd7 18. b4 Bd4+ 19. Kh1 O-O 20. Bd1 Rac8 21. Bb3 Kg7 22. Rfd1 f5 23. Bg5 Bf6 24. Bxf6+ Kxf6 25. exf5 Bxf5 26. Kg1 Rc7 27. Rd4 Rfc8 28. Re1 g5 29. f4 g4 30. Kf2 Be6 31. Ree4 b5 32. cxb5 Bxb3 33. axb3 Rc2+ 34. Re2 R8c3 35. Rxc2 Rxc2+ 36. Kg3 h5 37. Rc4 Rb2 38. Rc3 e5 39. fxe5+ dxe5 40. Rc7 Rxb3+ 41. Kh4 Rxb4 42. Kxh5 Rxb5 43. Kxg4 Rb4+ 44. Kf3 a5 45. g3 a4 46. h4 Kf5 47. Rf7+ Kg6 48. Ra7 Kf5 49. Rf7+ Kg6 50. Rf8 Kg7 51. Ra8 Kg6 52. Re8 a3 53. Rxe5 Ra4 54. Re1 a2 55. Ra1 Kh5 1/2-1/2

[Event "Sparkassen-Open A"]
[Site "Heusenstamm, Martinsee"]
[Date "2023.11.24"]
[Round "2.55"]
[White "Werner, Rosalie"]
[Black "Steadman, Michael V R"]
[Result "0-1"]
[WhiteElo "1687"]
[BlackElo "2127"]
[PlyCount "78"]
[EventDate "2023.??.??"]
[WhiteTeam "VSG 1880 Offenbach"]
[BlackTeam "Auckland Chess Centre"]

1. e4 e5 2. Nf3 d6 3. Bc4 Be7 4. Nc3 Nf6 5. d3 c6 6. a4 h6 7. Qe2 Qc7 8. h3 Nbd7 9. Ba2 Nf8 10. O-O g5 11. d4 Ng6 12. dxe5 dxe5 13. Rd1 Rg8 14. Qc4 Be6 15. Qe2 Bd7 16. Qc4 Rg7 17. Nd5 Nxd5 18. exd5 Nf4 19. Qe4 f6 20. Kh1 c5 21. c3 Bd6 22. Re1 f5 23. Qc4 e4 24. Bb1 O-O-O 25. Ng1 Ng6 26. Bd2 Ne5 27. Qe2 c4 28. Bc2 Nd3 29. Bxd3 cxd3 30. Qf1 Qc4 31. b4 Qxd5 32. c4 Qe5 33. Nf3 Qf6 34. Ng1 Kb8 35. f3 Qe5 36. f4 gxf4 37. c5 Bc7 38. Rac1 f3 39. Nxf3 Qg3 0-1

[Event "Sparkassen-Open A"]
[Site "Heusenstamm, Martinsee"]
[Date "2023.11.24"]
[Round "2.56"]
[White "Meyer-Jany, Marcel"]
[Black "Lutze, Max"]
[Result "0-1"]
[WhiteElo "1778"]
[BlackElo "2076"]
[PlyCount "114"]
[EventDate "2023.??.??"]
[WhiteTeam "SK Herborn 1946"]
[BlackTeam "Märkischer Springer Halver-Schal"]

1. d4 Nf6 2. c4 g6 3. f3 Bg7 4. e4 d6 5. Nc3 O-O 6. Be3 Na6 7. Qd2 c5 8. d5 e6 9. Bd3 exd5 10. cxd5 Nc7 11. Nge2 Rb8 12. a4 b6 13. Nb5 a6 14. Nxc7 Qxc7 15. Nc3 c4 16. Be2 Bd7 17. O-O Rb7 18. Rfc1 b5 19. axb5 axb5 20. Ra6 Rc8 21. Nd1 Ne8 22. Qb4 f5 23. b3 c3 24. Bd4 Bxd4+ 25. Qxd4 b4 26. Ne3 Qc5 27. Qxc5 Rxc5 28. exf5 gxf5 29. Bd3 Bb5 30. Bxb5 Rcxb5 31. Nxf5 Rxd5 32. Ra8 Rxf5 33. Rxe8+ Kf7 34. Re4 d5 35. Rd4 Ke6 36. f4 Kd6 37. Kf2 Kc5 38. Ke3 Re7+ 39. Kd3 Rg7 40. Ra1 Rxg2 41. Ra5+ Kb6 42. Ra8 Rd2+ 43. Ke3 Rxd4 44. Kxd4 Rxf4+ 45. Kxd5 Rh4 46. Kd6 Rd4+ 47. Ke5 Rd1 48. Rb8+ Ka7 49. Rc8 Rb1 50. Rc7+ Kb6 51. Rc4 Rxb3 52. Kd4 Rb2 53. h4 Kb5 54. Rc7 Rd2+ 55. Ke3 Rd6 56. Rxh7 c2 57. Rc7 b3 0-1

[Event "Sparkassen-Open A"]
[Site "Heusenstamm, Martinsee"]
[Date "2023.11.24"]
[Round "2.57"]
[White "Drewes, Thomas"]
[Black "Pfarr, Michael"]
[Result "1/2-1/2"]
[WhiteElo "1631"]
[BlackElo "2039"]
[PlyCount "81"]
[EventDate "2023.??.??"]
[WhiteTeam "SV Würzburg von 1865 e.V."]
[BlackTeam "SK 1928 Mömbris"]

1. d4 Nf6 2. Nf3 g6 3. Bf4 Bg7 4. e3 b6 5. Be2 Bb7 6. O-O d6 7. h3 Nbd7 8. Nbd2 c5 9. c3 O-O 10. a4 a6 11. Re1 Ne8 12. e4 e5 13. dxe5 dxe5 14. Bg3 Qe7 15. Qc2 Nef6 16. Rad1 Nh5 17. Bh2 Nf4 18. Bf1 Bc6 19. b3 b5 20. axb5 axb5 21. Ra1 f6 22. Bxf4 exf4 23. c4 b4 24. Bd3 Qd6 25. Nh2 Rfd8 26. Ndf1 Rxa1 27. Rxa1 Ne5 28. Be2 Qc7 29. Nf3 f5 30. Nxe5 Bxe5 31. Rd1 fxe4 32. Rxd8+ Qxd8 33. Nd2 Qd4 34. Kf1 Qa1+ 35. Qd1 Qc3 36. Bg4 Kf7 37. Nxe4 Qd4 38. Qxd4 Bxd4 39. Ng5+ Kf6 40. Nxh7+ Ke7 41. Ng5 1/2-1/2

[Event "Sparkassen-Open A"]
[Site "Heusenstamm, Martinsee"]
[Date "2023.11.24"]
[Round "2.58"]
[White "Waffenschmidt, Joachim"]
[Black "Klein, Levent"]
[Result "0-1"]
[WhiteElo "2001"]
[BlackElo "1607"]
[PlyCount "98"]
[EventDate "2023.??.??"]
[WhiteTeam "SV 1920 Hofheim"]
[BlackTeam "SG Kaiserslautern 1905"]

1. d4 d5 2. c4 e6 3. Nf3 c6 4. e3 Nf6 5. Nc3 Bd6 6. Be2 O-O 7. O-O Nbd7 8. Qc2 Re8 9. a3 a6 10. Rd1 Qe7 11. b4 dxc4 12. Bxc4 b5 13. Bd3 Bb7 14. Ne4 Nxe4 15. Bxe4 Nf6 16. Bd3 h6 17. e4 Bc7 18. h3 a5 19. bxa5 Bxa5 20. Bb2 Rac8 21. Qe2 Red8 22. Nd2 Bb6 23. Nb3 Nd7 24. e5 c5 25. Bxb5 Qg5 26. g3 cxd4 27. Bxd7 Rxd7 28. Qb5 Qf5 29. Qxd7 Qf3 30. Qxc8+ Bxc8 31. Nxd4 Bxd4 32. Bxd4 Bb7 33. Kf1 Qh1+ 34. Ke2 Bf3+ 35. Kd2 Bxd1 36. Rxd1 Qe4 37. Kc3 Qc6+ 38. Kb2 Qc4 39. Bc3 Qb5+ 40. Ka2 Kh7 41. Re1 Qd3 42. Kb2 Qf3 43. Bd4 Qb7+ 44. Kc3 Qa6 45. Bc5 Qb5 46. Bb4 Qc6+ 47. Kd2 Qd5+ 48. Kc2 Qf3 49. Bc5 Qc6 0-1

[Event "Sparkassen-Open A"]
[Site "Heusenstamm, Martinsee"]
[Date "2023.11.24"]
[Round "2.59"]
[White "Tremöhlen, Thomas"]
[Black "Barsov, Vladislav"]
[Result "0-1"]
[WhiteElo "1976"]
[BlackElo "1680"]
[PlyCount "54"]
[EventDate "2023.??.??"]
[WhiteTeam "Sportgemeinschaft Kaarst 1912/35"]
[BlackTeam "SK Gräfelfing"]

1. Nf3 Nf6 2. b3 d6 3. Bb2 e5 4. e3 Be7 5. d4 exd4 6. Nxd4 Bd7 7. Bd3 Nc6 8. Nf5 O-O 9. Nd2 Ne5 10. Nxe7+ Qxe7 11. Be2 Nfg4 12. Nf3 Qf6 13. Bd4 Rad8 14. Qd2 Bc6 15. h3 Bxf3 16. hxg4 Bxg2 17. Rg1 Bf3 18. O-O-O Bxe2 19. Qxe2 Qf3 20. Qf1 c5 21. Bb2 c4 22. Rg3 Qc6 23. Bd4 Qa6 24. Kb2 Rc8 25. Qh3 cxb3 26. axb3 Qe2 27. Rc1 Nd3+ 0-1